| 000 | 00761nam a2200229 4500 | ||
|---|---|---|---|
| 003 | OSt | ||
| 005 | 20260601193840.0 | ||
| 008 | 260421b1975 sp a|||| |||| 00| 0 eng d | ||
| 020 | _a3855040389 | ||
| 040 |
_aICI _bspa _cICI |
||
| 050 |
_aTS171 _bS348 |
||
| 100 | 1 | _aSchmittel, Wolfgang | |
| 245 | 1 |
_aDesign Concept Realisation _b Braun, citroen, miller, olivetti, sony, swissair _cWolfgang schmittel ; collaborator Rudolf schomwandt ; translations m.j. scharer-wynne, english denise schai, french |
|
| 264 |
_b Blume _c1975 _aBarcelona |
||
| 300 | _a227 páginas | ||
| 336 |
_atexto _2rdacontent |
||
| 337 |
_asin medio _2rdamedia |
||
| 338 |
_avolumen _2rdacarrier |
||
| 500 | _a Ingles, aleman y frances | ||
| 650 | _a Diseño industrial | ||
| 942 |
_2ddc _cB |
||
| 999 |
_c21419 _d21419 |
||